Krajobraz staroglacjalny i młodoglacjalny - Statystyki

Ogólne statystyki
  • Ten quiz został rozwiązany 2 razy
  • Średni wynik to 5 z 13
Statystyki odpowiedzi
Kategoria Forma Terenu % Poprawnych
Drumliny
100%
Kemy
100%
Ozy
100%
Krajobraz Młodoglacjalny Moreny
50%
Sandry
50%
Wąwozy Lessowe
50%
deniwelacja terenu
0%
Eratyki
0%
Gołoborza
0%
Jeziora morenowe
0%
Krajobraz Staroglacjalny niewielkie deniwelacje terenu
0%
rzeki z terasami
0%
wydmy śródlądowe
0%
Nie znaleziono quizów pasujących do podanych kryteriów
Rozkład punktacji
Procent ludzi z każdym wynikiem
Percentyl według liczby udzielonych odpowiedzi
Twoja historia wyników
Nie rozwiązałeś tego quizu